000 00533nam a2200229 a 4500
999 _c4454
_d4454
001 4454
003 BD-JhCC
005 20171127184314.0
008 171127s19711975e p|||| || | 000 0 eng d
020 _a05853738X
035 _a(BD-JhCC)4454
040 _aBD-JhCC
_dBD-JhCC
041 _aeng
082 _a920
_bEYR 1975
100 _aEyre, A. G
245 _aGalileo /
_c A. G. Eyre,
260 _aLondon :
_bLongman,
_c1975.
300 _a66 p. :
_bill. ;
_c20 cm.
650 _abiography
942 _2ddc
_cBK